Представление документа в формате RUSMARC

ПолеНазваниеЗначение
  Тип записи a
  Библиографический уровень m
001 Контрольный номер RU/SLIB/B/208702731
005 Дата корректировки 20201206203839.0
010 Индекс ISBN __
d Цена 27-00
101 Язык документа __
a Язык текста rus
c Язык оригинала rus
200 Заглавие и сведения об ответственности 1_
a Заглавие Речевая деятельность на уроках литературы в старших классах
e Сведения, относящиеся к заглавию методические приемы творческого изучения литературы
f Первые сведения об ответственности С. А. Леонов
b Общее обозначение материала Текст
210 Выходные данные __
a Место издания М.
c Издательство Флинта
c Издательство Наука
d Дата издания 1999
215 Физическое описание __
a Объем 224 с.
606 Тематические рубрики __
a Основная рубрика Образование. Педагогика
606 Тематические рубрики __
a Основная рубрика Методика преподавания учебных предметов
606 Тематические рубрики __
a Основная рубрика Языкознание
606 Тематические рубрики __
a Основная рубрика Русский язык
610 Ключевые слова __
a Ключевые слова методика преподавания литературы; письменная речь; развитие речи; речевые коммуникации; речь; уроки литературы; речевая деятельность
686 Индексы других классификаций __
2 Код системы rubbks
a Классификационный индекс 74.268.39(=411.2)
686 Индексы других классификаций __
a Классификационный индекс 81.2Рус-5; В74.26 + ст81.2Рус-5
700 Автор _1
a Фамилия Леонов
b Имя С. А.
4 Код отношения 070
801 Источник записи _0
a Страна RU
b Организация Муниципальное бюджетное учреждение культуры "Централизованная библиотечная система" г. Сургут (Центральная городская библиотека им. А. С. Пушкина)
g Правила каталогизации ОБ/Бутенко
801 Источник записи _1
a Страна RU
b Организация Муниципальное бюджетное учреждение культуры "Централизованная библиотечная система" г. Сургут (Центральная городская библиотека им. А. С. Пушкина)
g Правила каталогизации ОБ/Бутенко
852 Данные о местонахождении __
j Шифр хранения 74.268.39(=411.2)
c Каталожный индекс 74.268.3; 81.2Рус-5
i Авторский знак Л 47
p Инвентарный номер 73950
901 Тип документа __
t Тип документа m
903 Характеристики (МАРС) __
a Дата передачи 19991225
969 Тип издания __
a Тип издания пособие
990 Данные о заказе (DOS) 00
j Количество экземпляров (DOS) 6
t N записи в КСУ для И/У (DOS) 200001